000 00557nam a2200193Ia 4500
005 20260429112201.0
008 260429s9999||||xx |||||||||||||| ||und||
020 _a9781009018586
041 _aEnglish
082 _a512.55
_bMIL
100 _aMilne, J. S.
245 0 _aAlgebraic groups :
_bthe theory of group schemes of finite type over a field /
_cJ. S. Milne
250 _a1st ed.
260 _aUnited Kingdom :
_bCambridge University Press,
_c2022.
300 _axvi, 648 p.; pbk
650 _a Finite types
650 _aAlgebra
942 _cTB
999 _c52780
_d52780